Tilastot visalle Liput paljastavat liput #1

Klikkaa tästä pelataksesi tätä visaa!

Yleistilastot

  • Tätä visaa on pelattu 32 kertaa
  • Keskiarvotulos 18 / 21

Vastaukset kartalla

Vastauksille on annettu kartalla punavihreä väri sen mukaan, kuinka moni on saanut sen oikein.
 

Vastaustilastot

maa% Oikein
Italia
100%
Japani
100%
Kreikka
100%
Portugali
100%
Tšekki
100%
Uruguay
97%
Ukraina
94%
Algeria
90%
Bhutan
90%
Panama
90%
Singapore
90%
Vietnam
90%
Peru
87%
Uganda
87%
Norsunluurannikko
77%
Antigua ja Barbuda
71%
Palau
71%
Botswana
68%
Jemen
68%
Sambia
68%
Keski-Afrikan tasavalta
61%

Tulosjakauma

Persentiili vastausten määrän mukaan

Jokaisen tuloksen saaneiden osuus

Tuloshistoriasi

Et ole pelannut tätä visaa